| 000 | 01015nam a2200289 a 4500 | ||
|---|---|---|---|
| 001 | 000110025 | ||
| 003 | CHAP | ||
| 005 | 20220329144115.0 | ||
| 008 | 140623s2011 mx |r| ||||||spa d | ||
| 010 | _a106487 | ||
| 011 | _a107459 | ||
| 020 | _a9788487372179 | ||
| 040 | _cCHAP | ||
| 082 | 0 | 4 |
_a300 _bM47 |
| 245 | 0 | 0 |
_aMetodología y análisis en ciencias sociales, humanidades y salud I : _baproximación y debate / _ceditado por Miguel Hector Fernández Carrión. |
| 260 |
_aToluca, Estado de México : _bAlbahaca Publicaciones _bCentro de Investigación del Campus Universitario Siglo XXl, _c2011. |
||
| 300 | _a527 p. | ||
| 490 | 1 | 0 | _aColección Metodología y Análisis |
| 590 |
_aE11695DGD _b10 _c20140624 _lUCH01 _h1041 |
||
| 590 |
_aE11695DGD _b10 _c20140624 _lUCH01 _h1041 |
||
| 590 |
_aE5765TAJ _b05 _c20140623 _lUCH01 _h1407 |
||
| 700 | 1 |
_aFernández Carrión, Miguel Héctor _eed. _9127415 |
|
| 830 | 0 |
_aColección Metodología y Análisis _9127416 |
|
| 901 | _aBK | ||
| 942 | _cLIBRO | ||
| 942 | _n0 | ||
| 999 |
_c106487 _d106487 |
||